000
00200 a2200097 4500
001
45613
100
_a
Moore B
245
_a
Black robe
260
_a
London
_b
Jonathan cape
_c
090
_c
28777
_d
28777
942
_a
NUST-CAE
_c
M
_c
20865
999
_c
280686
_d
280686